000 00336nam a22001457a 4500
008 221110b ||||| |||| 00| 0 eng d
020 _a9780826127839
041 _aeng
080 _2FOURTH EDITION
_a61
082 _a61 FLA
100 _a6
101 _aMJK
245 _aMEDICAL ASPECTS OF DISABILITY
_cFLANAGAN S
942 _2udc
_cBK
999 _c58847
_d58847